[Event "SVK-chT2D 1213"]
[Site "Slovakia"]
[Date "2013.03.17"]
[Round "11.4"]
[White "Hennel, Karol"]
[Black "Skovran, Jaroslav"]
[Result "0-1"]
[WhiteElo "2068"]
[BlackElo "1985"]
[PlyCount "64"]
[EventDate "2012.10.13"]
[EventType "team-tourn"]
[EventRounds "11"]
[EventCountry "SVK"]
[SourceTitle "EXT 2015"]
[Source "ChessBase"]
[SourceDate "2014.11.20"]
[SourceVersion "1"]
[SourceVersionDate "2014.11.20"]
[SourceQuality "1"]
[WhiteTeam "Kezmarok II"]
[BlackTeam "Sabinov II"]
[WhiteTeamCountry "SVK"]
[BlackTeamCountry "SVK"]

1. e4 d5 2. exd5 Qxd5 3. Nc3 Qa5 4. d4 Nf6 5. Bc4 Bf5 6. Nf3 e6 7. 0-0 c6 8. Ne5 Nbd7 9. f4 Bb4 10. Ne2 Nxe5 11. fxe5 Nd5 12. c3 Be7 13. Ng3 Bg6 14. Bd3 c5 15. Bxg6 hxg6 16. Qf3 0-0 17. c4 Nb4 18. Qxb7 Qd8 19. Qe4 Qxd4+ 20. Qxd4 cxd4 21. Ne4 Nd3 22. Rd1 Nxe5 23. Rxd4 f5 24. Nd6 Rfd8 25. c5 Nd7 26. c6 e5 27. Rd1 Nb6 28. Be3 Bxd6 29. Rac1 Rac8 30. b4 Bxb4 31. Rxd8+ Rxd8 32. c7 Rc8 0-1

[Event "SVK-chT2D 0910"]
[Site "Slovakia"]
[Date "2010.02.06"]
[Round "8.65"]
[White "Ressler, Vladimir"]
[Black "Hennel, Karol"]
[Result "0-1"]
[WhiteElo "1993"]
[BlackElo "2067"]
[PlyCount "26"]
[EventDate "2009.10.10"]
[EventType "team"]
[EventRounds "11"]
[EventCountry "SVK"]
[SourceTitle "EXT 2011"]
[Source "ChessBase"]
[SourceDate "2010.11.26"]
[SourceVersion "1"]
[SourceVersionDate "2010.11.26"]
[SourceQuality "1"]
[WhiteTeam "Michalovce Zemplin II"]
[BlackTeam "Kezmarok II"]
[WhiteTeamCountry "SVK"]
[BlackTeamCountry "SVK"]

1. d4 Nf6 2. Nf3 c5 3. d5 e6 4. c4 b5 5. Nc3 b4 6. Na4 exd5 7. cxd5 d6 8. Bg5 Be7 9. Bxf6 Bxf6 10. e4 Qa5 11. Nd2 Bd7 12. b3 Bxa4 13. Nc4 Bc3+ 0-1

[Event "SVK-chT2D 0910"]
[Site "Slovakia"]
[Date "2009.10.10"]
[Round "1.5"]
[White "Hennel, Karol"]
[Black "Pargac, Jaroslav"]
[Result "1-0"]
[WhiteElo "2067"]
[BlackElo "2018"]
[PlyCount "39"]
[EventDate "2009.10.10"]
[EventType "team"]
[EventRounds "11"]
[EventCountry "SVK"]
[SourceTitle "EXT 2011"]
[Source "ChessBase"]
[SourceDate "2010.11.26"]
[SourceVersion "1"]
[SourceVersionDate "2010.11.26"]
[SourceQuality "1"]
[WhiteTeam "Kezmarok II"]
[BlackTeam "Humenne"]
[WhiteTeamCountry "SVK"]
[BlackTeamCountry "SVK"]

1. e4 d5 2. exd5 Qxd5 3. Nc3 Qa5 4. d4 Nf6 5. Bc4 Nc6 6. d5 Nb4 7. Nge2 a6 8. Bg5 Bg4 9. Bxf6 Bxe2 10. Bxe2 exf6 11. a3 0-0-0 12. axb4 Qxb4 13. 0-0 Qxb2 14. Bg4+ Kb8 15. Qd3 Qb4 16. Rfb1 Qd6 17. Ne4 Qxd5 18. Rxb7+ Qxb7 19. Qxd8+ Ka7 20. Bc8 1-0

[Event "SVK-chT2D 0708"]
[Site "Slovakia"]
[Date "2007.10.07"]
[Round "2.6"]
[White "Koval, Daniel"]
[Black "Hennel, Karol"]
[Result "1-0"]
[WhiteElo "2110"]
[BlackElo "2072"]
[PlyCount "52"]
[EventDate "2007.10.06"]
[EventType "team-tourn"]
[EventRounds "11"]
[EventCountry "SVK"]
[SourceTitle "EXT 2010"]
[Source "ChessBase"]
[SourceDate "2010.11.25"]
[SourceVersion "1"]
[SourceVersionDate "2010.11.25"]
[SourceQuality "1"]
[WhiteTeam "Presov Prvy Sk"]
[BlackTeam "Kezmarok KdV II"]
[WhiteTeamCountry "SVK"]
[BlackTeamCountry "SVK"]

1. c4 e5 2. Nc3 Nf6 3. Nf3 d6 4. d4 exd4 5. Nxd4 g6 6. Bg5 Bg7 7. Qd2 h6 8. Bf4 Nh5 9. Be3 Nd7 10. g4 Nhf6 11. h3 Ne5 12. b3 g5 13. Bg2 a6 14. Rd1 Rb8 15. f4 gxf4 16. Bxf4 Ng6 17. Bg3 0-0 18. 0-0 Nh7 19. Kh2 Qg5 20. Nd5 c5 21. Nf5 Bxf5 22. gxf5 Ne5 23. f6 Nxf6 24. Qxg5 hxg5 25. Nxf6+ Bxf6 26. Rxf6 Ng4+ 1-0

[Event "SVK-chT2D 0607"]
[Site "Slovakia"]
[Date "2007.03.18"]
[Round "11.6"]
[White "Juhar, Roman"]
[Black "Hennel, Karol"]
[Result "0-1"]
[WhiteElo "2072"]
[BlackElo "2081"]
[PlyCount "136"]
[EventDate "2006.10.14"]
[EventType "team-tourn"]
[EventRounds "11"]
[EventCountry "SVK"]
[SourceTitle "EXT 2008"]
[Source "ChessBase"]
[SourceDate "2007.11.25"]
[SourceVersion "1"]
[SourceVersionDate "2007.11.25"]
[SourceQuality "1"]
[WhiteTeam "Kosice Akademik"]
[BlackTeam "Kezmarok KdV II"]
[WhiteTeamCountry "SVK"]
[BlackTeamCountry "SVK"]

1. e4 d5 2. exd5 Nf6 3. Nc3 Nxd5 4. Bc4 e6 5. Qf3 c6 6. Qg3 Nd7 7. Nf3 Nb4 8. 0-0 Nxc2 9. Rb1 Nb6 10. Bb3 Nd4 11. Nxd4 Qxd4 12. d3 Bd6 13. Be3 Bxg3 14. Bxd4 Bd6 15. Bxg7 Rg8 16. Bd4 Nd5 17. Ne4 Be7 18. Be5 f5 19. Bxd5 cxd5 20. Nc3 Bd7 21. Rbc1 Rc8 22. Ne2 Kf7 23. Nd4 Bf6 24. Bxf6 Kxf6 25. f4 e5 26. fxe5+ Kxe5 27. Nf3+ Kd6 28. Rfe1 Bb5 29. d4 Bd3 30. Ng5 Be4 31. Rxc8 Rxc8 32. Re2 Rc7 33. g3 h6 34. Nh3 Rc4 35. Rd2 a5 36. Kf2 a4 37. a3 b5 38. Nf4 b4 39. axb4 Rxb4 40. Ne2 Rb3 41. Nc1 Rf3+ 42. Ke2 h5 43. Na2 h4 44. gxh4 Rh3 45. Ke1 Kc6 46. Rf2 Kb5 47. Nc1 Kc4 48. Ne2 Rxh4 49. Kd2 Rh3 50. Nf4 Rb3 51. Kc1 Kxd4 52. h4 Ke3 53. Rf1 a3 54. Nxd5+ Bxd5 55. bxa3 Be4 56. Re1+ Kf2 57. Rd1 Rxa3 58. Rd2+ Ke3 59. Rh2 f4 60. h5 f3 61. h6 Rb3 62. Rb2 Rxb2 63. Kxb2 f2 64. h7 Bxh7 65. Ka3 f1Q 66. Kb2 Kd4 67. Ka2 Kc3 68. Ka3 Qa1# 0-1

[Event "SVK-chT2D 0607"]
[Site "Slovakia"]
[Date "2006.12.17"]
[Round "6.1"]
[White "Regec, Viliam1111"]
[Black "Hennel, Karol"]
[Result "1-0"]
[WhiteElo "2038"]
[BlackElo "2081"]
[PlyCount "71"]
[EventDate "2006.10.14"]
[EventType "team-tourn"]
[EventRounds "11"]
[EventCountry "SVK"]
[SourceTitle "EXT 2008"]
[Source "ChessBase"]
[SourceDate "2007.11.25"]
[SourceVersion "1"]
[SourceVersionDate "2007.11.25"]
[SourceQuality "1"]
[WhiteTeam "Margecany OSK II"]
[BlackTeam "Kezmarok KdV II"]
[WhiteTeamCountry "SVK"]
[BlackTeamCountry "SVK"]

1. e4 d5 2. exd5 Nf6 3. Nf3 Nxd5 4. d4 Bf5 5. c3 e6 6. Bd3 Bxd3 7. Qxd3 Nd7 8. 0-0 c5 9. Nbd2 cxd4 10. Nxd4 Bc5 11. Ne4 0-0 12. Nxc5 Nxc5 13. Qf3 e5 14. Nf5 e4 15. Qg4 Qf6 16. Bh6 Qg6 17. Qxg6 hxg6 18. Ne3 Nxc3 19. Bg5 Ne2+ 20. Kh1 f6 21. Rae1 Nd4 22. Bf4 Nd3 23. Rd1 Rfd8 24. Bc7 Rd7 25. Ba5 Nf5 26. Ng4 Nh4 27. Rd2 f5 28. Ne3 f4 29. Ng4 b6 30. Bc3 Rad8 31. g3 Nf3 32. Re2 Ng5 33. h4 f3 34. Re3 Nh3 35. Rxe4 g5 36. Kh2 1-0

[Event "SVK-chT1E 0506"]
[Site "Slovakia"]
[Date "2005.12.03"]
[Round "5"]
[White "Hennel, Karol"]
[Black "Kopcak, Stanislav"]
[Result "1-0"]
[WhiteElo "2068"]
[BlackElo "1942"]
[PlyCount "79"]
[EventDate "2005.10.15"]
[EventType "team"]
[EventRounds "11"]
[EventCountry "SVK"]
[SourceTitle "EXT 2009"]
[Source "ChessBase"]
[SourceDate "2008.11.26"]
[SourceVersion "1"]
[SourceVersionDate "2008.11.26"]
[SourceQuality "1"]

1. e4 d5 2. exd5 Nf6 3. Nc3 Nxd5 4. Bc4 c6 5. Qf3 e6 6. Nge2 Nd7 7. d4 N7f6 8. 0-0 Bd6 9. Bg5 h6 10. Bh4 g5 11. Bg3 g4 12. Qd3 Nb4 13. Qd2 Nfd5 14. Bxd6 Qxd6 15. Ne4 Qe7 16. Rfe1 Nb6 17. Bb3 N4d5 18. c4 Nf6 19. Nxf6+ Qxf6 20. Ng3 0-0 21. Re4 Qg6 22. Rae1 a5 23. a4 Bd7 24. Re5 f5 25. Ne2 Rf6 26. Nf4 Qg5 27. g3 Re8 28. Qxa5 Nc8 29. c5 Kf7 30. Qc7 Re7 31. Qxb7 Qg8 32. d5 cxd5 33. c6 Qd8 34. cxd7 Rxd7 35. Qb4 Re7 36. a5 Nd6 37. Nxd5 Ne4 38. Nxe7 Qc7 39. Rxe6 Rxe6 40. Nxf5 1-0

[Event "SVK-chT1E 0203"]
[Site "Slovakia"]
[Date "2002.??.??"]
[Round "?"]
[White "Harasta, Igor"]
[Black "Hennel, Karol"]
[Result "1-0"]
[WhiteElo "2126"]
[BlackElo "2062"]
[PlyCount "105"]
[EventDate "2002.10.??"]
[EventType "team"]
[EventRounds "11"]
[EventCountry "SVK"]
[SourceTitle "EXT 2005"]
[Source "ChessBase"]
[SourceDate "2004.11.15"]
[SourceVersion "1"]
[SourceVersionDate "2004.11.15"]
[SourceQuality "1"]

1. e4 e5 2. Nf3 Nc6 3. Nc3 Nf6 4. Bb5 Nd4 5. Ba4 Bc5 6. Nxe5 0-0 7. Nd3 Bb6 8. e5 Ne8 9. Nd5 Qg5 10. Ne3 d6 11. f4 Qg6 12. 0-0 Bf5 13. Nf2 Ne6 14. Nd5 Kh8 15. Kh1 Bxf2 16. Rxf2 Bg4 17. Qf1 Qe4 18. Nc3 Qd4 19. f5 Nc5 20. Rf4 Qxe5 21. d4 Qe7 22. dxc5 Nf6 23. cxd6 Qxd6 24. Ne4 Nxe4 25. Rxe4 Bxf5 26. Bf4 Qg6 27. Re2 c6 28. Rf2 Be4 29. Bg3 f5 30. c3 Rfd8 31. Rd1 Rxd1 32. Qxd1 Re8 33. Rf1 h5 34. Qd6 Qg4 35. Qf4 Qg6 36. h3 Bd3 37. Re1 Be4 38. Kh2 Qf6 39. Bc2 Kh7 40. Bh4 Qg6 41. Bxe4 fxe4 42. Qg5 Qf7 43. Rf1 Qd5 44. Rf5 Qd6+ 45. Bg3 Qg6 46. Qxh5+ Qxh5 47. Rxh5+ Kg6 48. Re5 Rd8 49. Rxe4 Rd2 50. Rg4+ Kh5 51. Bf4 Rxb2 52. Rg5+ Kh4 53. Rxg7 1-0

[Event "SVK-chT3D 0001"]
[Site "Slovakia"]
[Date "2001.??.??"]
[Round "3"]
[White "Hennel, Karol"]
[Black "Macak, Stefan"]
[Result "0-1"]
[WhiteElo "2127"]
[BlackElo "2157"]
[PlyCount "103"]
[EventDate "2000.??.??"]
[EventType "team"]
[EventRounds "9"]
[EventCountry "SVK"]
[SourceTitle "EXT 2002"]
[Source "ChessBase"]
[SourceDate "2001.11.25"]
[SourceVersion "1"]
[SourceVersionDate "2001.11.25"]
[SourceQuality "1"]

1. e4 e6 2. d4 d5 3. Nc3 Nf6 4. Bg5 Be7 5. Bxf6 Bxf6 6. e5 Be7 7. Qg4 g6 8. 0-0-0 h5 9. Qg3 c5 10. dxc5 Nc6 11. Ne4 Qa5 12. Nd6+ Bxd6 13. cxd6 Qxa2 14. Nf3 Qa1+ 15. Kd2 Qxb2 16. Bd3 Qb4+ 17. c3 Qg4 18. Rb1 a6 19. Rb6 Nb8 20. Rhb1 Ra7 21. Ra1 Nd7 22. Rb4 Qxg3 23. hxg3 0-0 24. Rh4 Kg7 25. g4 hxg4 26. Rah1 Rg8 27. Rxg4 Rh8 28. Re1 Nc5 29. Bc2 b5 30. Nd4 Bd7 31. f4 Rh5 32. Ne2 Kh7 33. Ng3 Rh2 34. Nf1 Rh1 35. Ne3 Rxe1 36. Kxe1 Bc6 37. Rh4+ Kg7 38. g4 Nd7 39. Nf1 a5 40. Nd2 a4 41. Bb1 a3 42. Ba2 Ra4 43. c4 dxc4 44. Rh3 Bd5 45. Kd1 Nb6 46. Kc2 b4 47. f5 b3+ 48. Nxb3 cxb3+ 49. Bxb3 Bxb3+ 50. Kxb3 a2 51. f6+ Kg8 52. d7 0-1